আর-রাহীকুল মাখতূম বা মোহরাঙ্কিত জান্নাতী সুধা : (Record no. 10757)
[ view plain ]
| 000 -LEADER | |
|---|---|
| fixed length control field | 01380nam a2200253 a 4500 |
| 001 - CONTROL NUMBER | |
| JCCL Control Number | 10757 |
| 003 - CONTROL NUMBER IDENTIFIER | |
| JCCL marc code | BD-JhCC |
| 005 - DATE AND TIME OF LATEST TRANSACTION | |
| control field | 20220829134022.0 |
| 008 - FIXED-LENGTH DATA ELEMENTS--GENERAL INFORMATION | |
| fixed length control field | 180904s20182013bg |||| |||| 000 0 ben d |
| 020 ## - INTERNATIONAL STANDARD BOOK NUMBER | |
| International Standard Book Number | 9789848766064 |
| 035 ## - SYSTEM CONTROL NUMBER | |
| system control number | (BD-JhCC)10757 |
| 040 ## - CATALOGING SOURCE | |
| Original cataloging agency | BD-JhCC |
| Modifying agency | BD-JhCC |
| 041 ## - LANGUAGE CODE | |
| Language code of Book | ben |
| 082 ## - DEWEY DECIMAL CLASSIFICATION NUMBER | |
| Classification number | 297.63 |
| Author mark and Year | ROH 2018 |
| 100 ## - MAIN ENTRY--PERSONAL NAME | |
| Personal name | রহমান, শাইখুল হাদীস আল্লামা সফিউর |
| 245 ## - TITLE STATEMENT | |
| Title | আর-রাহীকুল মাখতূম বা মোহরাঙ্কিত জান্নাতী সুধা : |
| Remainder of title | বিশ্বনাবী মুহাম্মাদ (স) এর বিশ্বখ্যাত জীবনী গ্রন্থ / |
| Statement of responsibility, etc | শাইখুল হাদীস আল্লামা সফিউর রহমান মোবারকপুরী, অনুবাদক আব্দুল্লাহ খালেক রহমানী ও মুয়ীনুদ্দীন আহমাদ |
| 260 ## - PUBLICATION, DISTRIBUTION, ETC. (IMPRINT) | |
| Place of publication, distribution, etc | ঢাকা : |
| Name of publisher, distributor, etc | তাওহীদ পাবলিকেশন্স, |
| Date of publication, distribution, etc | ২০১৮ |
| 300 ## - PHYSICAL DESCRIPTION | |
| Pagination | ৫৫৯ পৃ. : |
| Dimensions | ২৫ সেমি. |
| 650 ## - SUBJECT ADDED ENTRY--TOPICAL TERM | |
| Topical term or geographic name as entry element | Biography of Muhammad (SM) |
| 700 ## - ADDED ENTRY--PERSONAL NAME | |
| Personal name | রহমানী, আব্দুল্লাহ খালেক |
| 700 ## - ADDED ENTRY--PERSONAL NAME | |
| Personal name | আহমাদ, মুয়ীনুদ্দীন |
| 942 ## - ADDED ENTRY ELEMENTS (KOHA) | |
| Source of classification or shelving scheme | Dewey Decimal Classification |
| Koha item type | Books |
| Koha issues (borrowed), all copies | 7 |
| Source of classification or shelving scheme | Damaged status | Not for loan | Home library | Current library | Shelving location | Date of accession | Cost, normal purchase price | Total Checkouts | Full call number | Barcode | Date last seen | Date checked out | Copy number | Koha item type |
|---|---|---|---|---|---|---|---|---|---|---|---|---|---|---|
| Dewey Decimal Classification | JCC Rouf Library | JCC Rouf Library | General Stacks | 09/04/2018 | 520.00 | 8 | 297.63 ROH 2018 | 14245 | 01/18/2025 | 11/11/2023 | C-1 | Books |